| 000 | 00467nam a2200181 4500 | ||
|---|---|---|---|
| 003 | SEACOMEC | ||
| 005 | 20241203130411.0 | ||
| 008 | 231026b |||||||| |||| 00| 0 eng d | ||
| 020 |
_cRs.185.00 _a9781906574680 |
||
| 040 | _aSEACOMEC | ||
| 082 | 1 |
_a541.0421 _bC435 |
|
| 100 | 1 | _aChakraborty, D.K. | |
| 245 | 1 |
_aSolid state Chemistry / _cD.K. Chakraborty |
|
| 260 |
_aNew Delhi _bNew Age _c2005 |
||
| 650 | _aChemistry | ||
| 650 | _aPhysical chemistry | ||
| 942 | _cBOOK | ||
| 999 |
_c255 _d255 |
||